|
|
|
|
| LEADER |
00000nam0a2200000 4500 |
| 001 |
39947 |
| 005 |
20231031011928.0 |
| 035 |
|
|
|a (RuTPU)RU\TPU\book\40826
|
| 090 |
|
|
|a 39947
|
| 100 |
|
|
|a 20020416d1985 km y0rusy50 ca
|
| 101 |
1 |
|
|a rus
|c fre
|
| 102 |
|
|
|a RU
|
| 105 |
|
|
|a a z 001zy
|
| 200 |
1 |
|
|a Теория игр с примерами из математической экономики
|e пер. с фр.
|f Э. Мулен
|
| 210 |
|
|
|a Москва
|c Мир
|d 1985
|
| 215 |
|
|
|a 200 с.
|c ил.
|
| 320 |
|
|
|a Указ.: с. 197-198.
|
| 610 |
1 |
|
|a математика
|
| 610 |
1 |
|
|a игры
|
| 610 |
1 |
|
|a математическая экономика
|
| 610 |
1 |
|
|a теория
|
| 675 |
|
|
|a 519.83
|v 3
|
| 700 |
|
1 |
|a Мулен
|b Э.
|g Эрве
|
| 801 |
|
1 |
|a RU
|b 63413507
|c 20020416
|g PSBO
|
| 801 |
|
2 |
|a RU
|b 63413507
|c 20140211
|g PSBO
|
| 900 |
|
|
|a Математическое моделирование организационных и экономических систем
|
| 942 |
|
|
|c BK
|